00302nam a2200109Ia 4500008004000000082001900040100003500059245001600094260003600110300000800146650003800154210210b1992 xxu||||| |||| 00| 0 eng d a346.06602 VARC aVARMA (M M) and AGARWAL (R K). aCompany law aDelhibForward book depotc1992 a231 aCompany law questions and answers